Municípios da Aglomeração Urbana de Franca (AUF) em um Mapa - Statistics

Estatísticas Gerais
  • Esse quiz foi jogado 73 vezes
  • A pontuação média é 11 de 19
Respostas no mapa
Respostas codificadas por cores de uma escala verde-vermelha no mapa do quiz de acordo com a % correta abaixo.
 
Estatísticas das Respostas
Resposta % Correto
Franca
100%
Guará
63%
Ituverava
63%
Miguelópolis
63%
Igarapava
60%
Rifaina
60%
São Joaquim da Barra
60%
Cristais Paulista
57%
Patrocínio Paulista
57%
São José da Bela Vista
57%
Guaíra
53%
Pedregulho
53%
Buritizal
50%
Restinga
50%
Ribeirão Corrente
50%
Aramina
47%
Ipuã
47%
Jeriquara
47%
Itirapuã
40%
Nenhum quiz correspondente encontrado
Distribuição das Pontuações
Porcentagem de Pessoas com Cada Pontuação
Percentil de Números Respondidos
Sua Pontuação Histórica
Você não jogou esse quiz